<?xml version="1.0" encoding="UTF-8"?>
<record
    xmlns:xsi="http://www.w3.org/2001/XMLSchema-instance"
    xsi:schemaLocation="http://www.loc.gov/MARC21/slim http://www.loc.gov/standards/marcxml/schema/MARC21slim.xsd"
    xmlns="http://www.loc.gov/MARC21/slim">

  <leader>00901nab a2200253uuc4500</leader>
  <controlfield tag="001">1173173</controlfield>
  <controlfield tag="005">20250919101422.0</controlfield>
  <controlfield tag="008">091008e20090901                    spa  </controlfield>
  <datafield tag="035" ind1=" " ind2=" ">
    <subfield code="a">1173173</subfield>
  </datafield>
  <datafield tag="035" ind1=" " ind2=" ">
    <subfield code="a">(OCoLC)820502670</subfield>
  </datafield>
  <datafield tag="040" ind1=" " ind2=" ">
    <subfield code="c">comduadb</subfield>
  </datafield>
  <datafield tag="041" ind1=" " ind2=" ">
    <subfield code="a">spa</subfield>
  </datafield>
  <datafield tag="100" ind1="1" ind2="0">
    <subfield code="a">Romero, Alberto</subfield>
    <subfield code="4">aut</subfield>
    <subfield code="e">aut</subfield>
    <subfield code="9">341432</subfield>
  </datafield>
  <datafield tag="245" ind1="1" ind2="3">
    <subfield code="a">El proceso de globalizaci&#xF3;n y los retos del desarrollo humano</subfield>
  </datafield>
  <datafield tag="650" ind1=" " ind2="7">
    <subfield code="a">Econom&#xED;a internacional</subfield>
    <subfield code="2">embne</subfield>
    <subfield code="9">1784</subfield>
  </datafield>
  <datafield tag="650" ind1=" " ind2="7">
    <subfield code="a">Desarrollo humano</subfield>
    <subfield code="2">dcs</subfield>
    <subfield code="9">40528</subfield>
  </datafield>
  <datafield tag="650" ind1=" " ind2="7">
    <subfield code="a">Desigualdad social</subfield>
    <subfield code="2">lemb</subfield>
    <subfield code="9">15901</subfield>
  </datafield>
  <datafield tag="650" ind1=" " ind2="7">
    <subfield code="a">Pobreza</subfield>
    <subfield code="2">embne</subfield>
    <subfield code="9">4913</subfield>
  </datafield>
  <datafield tag="650" ind1=" " ind2="7">
    <subfield code="a">Globalizaci&#xF3;n</subfield>
    <subfield code="2">lemb</subfield>
    <subfield code="9">15458</subfield>
  </datafield>
  <datafield tag="650" ind1=" " ind2=" ">
    <subfield code="a">Indicadores de desarrollo humano</subfield>
    <subfield code="9">53634</subfield>
  </datafield>
  <datafield tag="700" ind1="1" ind2="0">
    <subfield code="a">Vera Colina, Mary Anal&#xED;</subfield>
    <subfield code="4">aut</subfield>
    <subfield code="e">aut</subfield>
    <subfield code="9">675776</subfield>
  </datafield>
  <datafield tag="773" ind1="0" ind2=" ">
    <subfield code="t">Revista de Ciencias Sociales (Maracaibo)</subfield>
    <subfield code="g">Volumen 15, N&#xFA;mero 03, Julio-Septiembre de 2009, p. 432-445</subfield>
    <subfield code="w">534575</subfield>
    <subfield code="x">1315-9518</subfield>
    <subfield code="0">126858</subfield>
  </datafield>
  <datafield tag="942" ind1=" " ind2=" ">
    <subfield code="c">ARIMP</subfield>
  </datafield>
  <datafield tag="999" ind1=" " ind2=" ">
    <subfield code="c">526976</subfield>
    <subfield code="d">526976</subfield>
  </datafield>
</record>
